RF systems, components, and circuits handbook (Record no. 8310)

000 -LEADER
fixed length control field 01234 a2200193 4500
020 ## - INTERNATIONAL STANDARD BOOK NUMBER
International Standard Book Number 1596930101
040 ## - CATALOGING SOURCE
Original cataloging agency DLC
Language of cataloging DLC
082 ## - DEWEY DECIMAL CLASSIFICATION NUMBER
Classification number 621.384
100 1# - MAIN ENTRY--PERSONAL NAME
Personal name Losee, Ferril.
245 10 - TITLE STATEMENT
Title RF systems, components, and circuits handbook
Statement of responsibility, etc. Ferril A. Losee.
250 ## - EDITION STATEMENT
Edition statement 2nd ed.
260 ## - PUBLICATION, DISTRIBUTION, ETC.
Place of publication, distribution, etc. Boston, MA :
Name of publisher, distributor, etc. Artech House,
Date of publication, distribution, etc. 2005.
300 ## - PHYSICAL DESCRIPTION
Extent p. cm.
440 #0 - SERIES STATEMENT/ADDED ENTRY--TITLE
Title Artech House microwave library.
520 1# - SUMMARY, ETC.
Summary, etc. "This extensively revised and updated edition of the 1997 Artech House classic, RF Systems, Components, and Circuits Handbook, serves as a comprehensive, one-stop resource on the latest developments, key technologies, and applications of radio frequency (RF) engineering. Among the numerous updates, the second edition includes brand-new chapters on GPS (global positioning system), and an expanded treatment of wireless communications systems. This practical reference helps engineers design and analyze the performance of RF systems and subsystems, and offers a solid, broad understanding of the many types of systems and equipment in use today."--BK JACKET.
650 #0 - SUBJECT ADDED ENTRY--TOPICAL TERM
Topical term or geographic name entry element Radio circuits
General subdivision Design and construction
650 #0 - SUBJECT ADDED ENTRY--TOPICAL TERM
Topical term or geographic name entry element Radio frequency integrated circuits
General subdivision Design and construction
942 ## - ADDED ENTRY ELEMENTS (KOHA)
Koha item type Book
Call number prefix 621.384 LOS
Source of classification or shelving scheme
Holdings
Withdrawn status Lost status Damaged status Not for loan Collection code Permanent Location Current Location Shelving location Date acquired Source of acquisition Cost, normal purchase price Total Checkouts Total Renewals Full call number Barcode Date last seen Date last checked out Price effective from Koha item type
          Central Library (CL) Central Library (CL) General Stacks 02/13/2006 Allied Book Company 7596.75 4 2 621.384 LOS SEECS006922 06/01/2022 02/23/2021 01/05/2017 Book
© 2023 Central Library, National University of Sciences and Technology. All Rights Reserved.